|
|
|
|
| LEADER |
00000caa a22000002c 4500 |
| 001 |
1912619717 |
| 003 |
DE-627 |
| 005 |
20250124055010.0 |
| 007 |
cr uuu---uuuuu |
| 008 |
241217s2006 xx |||||o 00| ||eng c |
| 024 |
7 |
|
|a 10.1080/07418820600985305
|2 doi
|
| 035 |
|
|
|a (DE-627)1912619717
|
| 035 |
|
|
|a (DE-599)KXP1912619717
|
| 040 |
|
|
|a DE-627
|b ger
|c DE-627
|e rda
|
| 041 |
|
|
|a eng
|
| 084 |
|
|
|a 2,1
|2 ssgn
|
| 100 |
1 |
|
|a Chermak, Steven M.
|d 1964-
|e VerfasserIn
|0 (DE-588)1127256297
|0 (DE-627)881706507
|0 (DE-576)171603303
|4 aut
|
| 109 |
|
|
|a Chermak, Steven M. 1964-
|a Chermak, Steven 1964-
|a Chermak, Steven Michael 1964-
|
| 245 |
1 |
4 |
|a The media's coverage of domestic terrorism
|
| 264 |
|
1 |
|c 2006
|
| 336 |
|
|
|a Text
|b txt
|2 rdacontent
|
| 337 |
|
|
|a Computermedien
|b c
|2 rdamedia
|
| 338 |
|
|
|a Online-Ressource
|b cr
|2 rdacarrier
|
| 700 |
1 |
|
|a Gruenewald, Jeffrey
|e VerfasserIn
|4 aut
|
| 773 |
0 |
8 |
|i Enthalten in
|t Justice quarterly
|d Omaha, Neb. : The Academy, 1984
|g 23(2006), 4, Seite 428-461
|w (DE-627)357164741
|w (DE-600)2093787-8
|w (DE-576)256066965
|x 1745-9109
|7 nnas
|
| 773 |
1 |
8 |
|g volume:23
|g year:2006
|g number:4
|g pages:428-461
|
| 787 |
0 |
8 |
|i Forschungsdaten
|a Smith, Brent L.
|t American Terrorism Study, 1980-2002
|d [Erscheinungsort nicht ermittelbar] : [Verlag nicht ermittelbar], 2007
|w (DE-627)184005705X
|
| 856 |
4 |
0 |
|u https://doi.org/10.1080/07418820600985305
|x Resolving-System
|z lizenzpflichtig
|3 Volltext
|7 1
|
| 935 |
|
|
|a mkri
|
| 951 |
|
|
|a AR
|
| ELC |
|
|
|a 1
|
| LOK |
|
|
|0 000 xxxxxcx a22 zn 4500
|
| LOK |
|
|
|0 001 4637585236
|
| LOK |
|
|
|0 003 DE-627
|
| LOK |
|
|
|0 004 1912619717
|
| LOK |
|
|
|0 005 20241217044708
|
| LOK |
|
|
|0 008 241217||||||||||||||||ger|||||||
|
| LOK |
|
|
|0 035
|a (DE-2619)ICPSR105908
|
| LOK |
|
|
|0 040
|a DE-2619
|c DE-627
|d DE-2619
|
| LOK |
|
|
|0 092
|o n
|
| LOK |
|
|
|0 852
|a DE-2619
|
| LOK |
|
|
|0 852 1
|9 00
|
| LOK |
|
|
|0 935
|a nacp
|
| LOK |
|
|
|0 939
|a 17-12-24
|b l01
|
| ORI |
|
|
|a SA-MARC-krimdoka001.raw
|